000 00499nam a2200133Ia 4500
008 100328s9999 xx 000 0 und d
082 _b27941
100 _aवाळिंबे रा.शं.
245 _aराजकारणी संत समर्थ रामदास
260 _bनीहारा
630 _aराजकारणी संत समर्थ रामदास
730 _aराजकारणी संत समर्थ रामदास
942 _cBOOK
999 _c519600
_d519597